<?xml version="1.0" encoding="UTF-8"?>
<record
    xmlns:xsi="http://www.w3.org/2001/XMLSchema-instance"
    xsi:schemaLocation="http://www.loc.gov/MARC21/slim http://www.loc.gov/standards/marcxml/schema/MARC21slim.xsd"
    xmlns="http://www.loc.gov/MARC21/slim">

  <leader>03375nam a22003017a 4500</leader>
  <controlfield tag="003">DO-SdBNP</controlfield>
  <controlfield tag="005">20250509140829.0</controlfield>
  <controlfield tag="007">ta</controlfield>
  <controlfield tag="008">210910b2017       ||||| |||| 00| 0 spa d</controlfield>
  <datafield tag="020" ind1=" " ind2=" ">
    <subfield code="a">978-9945-423-40-2</subfield>
  </datafield>
  <datafield tag="040" ind1=" " ind2=" ">
    <subfield code="a">DO-SdBNP</subfield>
    <subfield code="b">spa</subfield>
    <subfield code="c">BNPHU</subfield>
  </datafield>
  <datafield tag="082" ind1=" " ind2="4">
    <subfield code="a">658</subfield>
    <subfield code="b">J82c</subfield>
    <subfield code="2">22</subfield>
  </datafield>
  <datafield tag="111" ind1="2" ind2=" ">
    <subfield code="a">Jornada Cient&#xED;fica Universidad-Empresa-Desarrollo</subfield>
    <subfield code="n">(2. :</subfield>
    <subfield code="d">2015 :</subfield>
    <subfield code="c">Santo Domingo)</subfield>
    <subfield code="9">80149</subfield>
  </datafield>
  <datafield tag="245" ind1=" " ind2=" ">
    <subfield code="a">Segunda Jornada Cient&#xED;fica Universidad-Empresa-Desarrollo 2015 :</subfield>
    <subfield code="b">profesores gestando conocimiento /</subfield>
    <subfield code="c">coordinaci&#xF3;n A&#xED;da Roca, Ma&#xED;as Bosch, Edgar Pe&#xF1;a.</subfield>
  </datafield>
  <datafield tag="260" ind1=" " ind2=" ">
    <subfield code="a">Santo Domingo :</subfield>
    <subfield code="b">Universidad  APEC,</subfield>
    <subfield code="c">2017.</subfield>
  </datafield>
  <datafield tag="300" ind1=" " ind2=" ">
    <subfield code="a">460 p. :</subfield>
    <subfield code="b">il. ;</subfield>
    <subfield code="c">24 cm</subfield>
  </datafield>
  <datafield tag="500" ind1=" " ind2=" ">
    <subfield code="a">Incluye referencias bibliogr&#xE1;ficas y notas al pie de las p&#xE1;ginas</subfield>
  </datafield>
  <datafield tag="505" ind1="0" ind2=" ">
    <subfield code="a">Caracterizaci&#xF3;n del intercambio formal e informal entre la Rep&#xFA;blica Dominicana y la Rep&#xFA;blica de Hait&#xED;: 2007-2013 13 -- El cuadro de mando integral y la revisi&#xF3;n de las crisis de desempe&#xF1;o empresarial: una aplicaci&#xF3;n emp&#xED;rica en las empresas distribuidores de electricidad de la Rep&#xFA;blica Dominicana 49 -- Factores de riesgo ex&#xF3;geno de las empresas dominicanas y rentabilidad sectorial ajustada al riesgo: un estudio de datos de panel 97 -- Redes convergentes &#xF3;pticas hacia una inteligencia de negocios. Caso de estudio: empresa de transmisi&#xF3;n el&#xE9;ctrica dominicana (ETED) 145 -- Una alianza para aumentar la competitividad y el desarrollo humano: las universidades y las empresas culturales 179 -- Modelo de desarrollo econ&#xF3;mico y deuda p&#xFA;blica de Rep&#xFA;blica Dominicana. Conceptos sobre el cambio y las reformas necesarias 221 -- Uso de las herramientas de simulaci&#xF3;n en UNAPEC para el desarrollo de capacidades gerenciales orientadas a la productividad y a los negocios 259 -- La inclusi&#xF3;n del mLearning en la pr&#xE1;ctica pedag&#xF3;gica de los docentes de la Universidad APEC 285 -- La formaci&#xF3;n y desarrollo de la competencia gestionar conocimientos, una responsabilidad social de las instituciones universitarias, hacia la competitividad organizacional local e internacional 321 -- Peer coaching, una estrategia para aumentar la productividad empresarial. Caso pr&#xE1;ctico de la escuela de idiomas de UNAPEC 345 -- Dise&#xF1;o en el aula de una campa&#xF1;a institucional aplicada al aprendizaje basado en proyectos, en la asignatura publicidad II (ART-162): relevancia para la formaci&#xF3;n de competencias y habilidades de negocios en marketing y comunicaci&#xF3;n 359 -- Estudio de oportunidades de las monedas virtuales como medio de pago en Rep&#xFA;blica Dominicana. El caso de la empresa Host.do 385 -- Legislaci&#xF3;n penal nacional e internacional en la protecci&#xF3;n de los derechos de ni&#xF1;os, ni&#xF1;as y adolescentes en condici&#xF3;n de v&#xED;ctimas invisibles, con padres o tutores privados de libertad. Un an&#xE1;lisis exploratorio de conceptos fundamentales y legislaci&#xF3;n comparada 421</subfield>
  </datafield>
  <datafield tag="590" ind1=" " ind2=" ">
    <subfield code="a">Inventariado, 2021 / DG</subfield>
  </datafield>
  <datafield tag="650" ind1=" " ind2="4">
    <subfield code="a">Administraci&#xF3;n de empresarias</subfield>
    <subfield code="z">Rep&#xFA;blica Dominicana</subfield>
    <subfield code="v">Congresos, conferencias, etc.</subfield>
    <subfield code="9">79830</subfield>
  </datafield>
  <datafield tag="650" ind1=" " ind2="4">
    <subfield code="a">Planificaci&#xF3;n empresarial </subfield>
    <subfield code="v">Congresos, conferencias, etc.</subfield>
    <subfield code="9">80150</subfield>
  </datafield>
  <datafield tag="650" ind1=" " ind2="0">
    <subfield code="a">Tecnolog&#xED;a educativa </subfield>
    <subfield code="9">18772</subfield>
  </datafield>
  <datafield tag="651" ind1=" " ind2="4">
    <subfield code="a">Rep&#xFA;blica Dominicana</subfield>
    <subfield code="x">Condiciones econ&#xF3;micas</subfield>
    <subfield code="v">Congresos, conferencias, etc.</subfield>
    <subfield code="9">7000</subfield>
  </datafield>
  <datafield tag="700" ind1=" " ind2=" ">
    <subfield code="a">Bosch, Matias,</subfield>
    <subfield code="e">coord.</subfield>
    <subfield code="9">72665</subfield>
  </datafield>
  <datafield tag="700" ind1="1" ind2=" ">
    <subfield code="a">Pe&#xF1;a, Edgar,</subfield>
    <subfield code="e">coord.</subfield>
    <subfield code="9">79832</subfield>
  </datafield>
  <datafield tag="910" ind1=" " ind2=" ">
    <subfield code="a">D/G/Validado. Control de calidad MFF</subfield>
  </datafield>
  <datafield tag="942" ind1=" " ind2=" ">
    <subfield code="2">ddc</subfield>
    <subfield code="c">LBS1</subfield>
  </datafield>
  <datafield tag="952" ind1=" " ind2=" ">
    <subfield code="0">0</subfield>
    <subfield code="1">0</subfield>
    <subfield code="2">ddc</subfield>
    <subfield code="5">1</subfield>
    <subfield code="7">0</subfield>
    <subfield code="8">MO</subfield>
    <subfield code="a">BNPHU</subfield>
    <subfield code="b">PD</subfield>
    <subfield code="c">HD</subfield>
    <subfield code="d">2021-09-10</subfield>
    <subfield code="l">0</subfield>
    <subfield code="o">BNPHU PD 658 J82c</subfield>
    <subfield code="p">2021-26340</subfield>
    <subfield code="r">2021-09-10</subfield>
    <subfield code="w">2021-09-10</subfield>
    <subfield code="y">LBS1</subfield>
  </datafield>
  <datafield tag="952" ind1=" " ind2=" ">
    <subfield code="0">0</subfield>
    <subfield code="1">0</subfield>
    <subfield code="2">ddc</subfield>
    <subfield code="5">1</subfield>
    <subfield code="7">0</subfield>
    <subfield code="8">MO</subfield>
    <subfield code="a">BNPHU</subfield>
    <subfield code="b">PD</subfield>
    <subfield code="c">HD</subfield>
    <subfield code="d">2021-09-10</subfield>
    <subfield code="l">0</subfield>
    <subfield code="o">BNPHU PD 658 J82c</subfield>
    <subfield code="p">2021-26341</subfield>
    <subfield code="r">2021-09-10</subfield>
    <subfield code="t">e.2</subfield>
    <subfield code="w">2021-09-10</subfield>
    <subfield code="y">LBS1</subfield>
  </datafield>
  <datafield tag="952" ind1=" " ind2=" ">
    <subfield code="0">0</subfield>
    <subfield code="1">0</subfield>
    <subfield code="2">ddc</subfield>
    <subfield code="5">6</subfield>
    <subfield code="7">0</subfield>
    <subfield code="8">MO</subfield>
    <subfield code="a">BNPHU</subfield>
    <subfield code="b">DO</subfield>
    <subfield code="c">HD</subfield>
    <subfield code="d">2021-09-10</subfield>
    <subfield code="l">0</subfield>
    <subfield code="o">BNPHU DS 658 J82c</subfield>
    <subfield code="p">2021-26342</subfield>
    <subfield code="r">2021-09-10</subfield>
    <subfield code="t">e.3</subfield>
    <subfield code="w">2021-09-10</subfield>
    <subfield code="y">LBS1</subfield>
  </datafield>
  <datafield tag="999" ind1=" " ind2=" ">
    <subfield code="c">50473</subfield>
    <subfield code="d">50473</subfield>
  </datafield>
</record>
